Регионална библиотека "Любен Каравелов" - Русе

Непадаща звезда (Запис номер 387680)

MARC детайли
000 -Лидер
Контролно поле с фиксирана дължина 01176nam a2200253 a 4500
003 - Код на организацията, давaща контролен номер
Контролно поле BLK
005 - Дата и час на последна редакция
Контролно поле 20231102170246.0
008 - Елементи от данни с фиксирана дължина
fixed length control field 200911b bu ||||| |||| 00| 0 bu d
020 ## - Международен стандартен номер на книга ISBN
Международен стандартен номер на книга ISBN 9789542619802
040 ## - Източник на каталожния запис
Идентификатор на билиотеката - собственик на записа BLK
041 ## - Код за език
Код за езика на текст/звукозапис или на отделно заглавие Български
Код за езика КДБФ Български
080 ## - УДК
Текстов определител УДК Българска литература
УДК код - определител по УДК 821.163.2
УДК - код + определител 821.163.2-1
УДК определител -1
100 ## - Редна дума - Автор
Автор Константинов, Георги
Пълна форма на името Христов, Георги Константинов
R(LIN) 82011
139 ## - Редно поле
Редна дума Константинов, Георги
Авторски знак Констан - К 82
245 ## - Сведения за заглавието
Заглавие Непадаща звезда
Подзаглавни данни Копнеж, тревога и любов : [Лирика]
Редно поле (дума) Георги Константинов.
257 ## - Страна на издаване
Страна на създаване/издаване България
260 ## - Област на издателските данни
9 (RLIN) 209439
Място на издаване, разпространение и проч. Пловдив
Име на издателя, разпространителя и проч. Хермес
Година на издаване 2020
Печатница [София] : Алианс принт
Издателство - префикс ISBN 978-954-26- ; 978-954-459-
300 ## - Физическа характеристика
Страници 152 с.
Размери/Мащаб 17 см
380 ## - Жанр
Жанр Худож. лит.
501 ## - Забележка „подвързано към”
Забележка: Подвързано към... Пълната форма на името на авт. Георги Константинов е Георги Константинов Христов. - Биогр. данни за авт. отбелязани на 2-ра кор.
999 ## - СИСТЕМНИ КОНТРОЛНИ НОМЕРА
Koha biblionumber 387680
Koha biblioitemnumber 387680
942 ## - АРТИКУЛИ
Вид на библиотечния материал Книги
Скрит в OPAC Не
Периодичен библиозапис Да
Koha issues (borrowed), all copies 2
944 ## - СЪЗДАВАНЕ И РЕДАКЦИЯ на ЗАПИСА
Създаване/Редакция Създаване
Дата на регистрацията/редакция 2020-09-11
Служител, извършил регистрацията/редакцията 30530
Статус, дата на статуса Минев Младен
999 ## - СИСТЕМНИ КОНТРОЛНИ НОМЕРА
Koha biblioitemnumber 387680
Наличности
Код за отписване Код за изгубен артикул Източник на класификационната схема Код за повреда Код за отдаване Артикулен № Име на библиотеката - собственик Име на библиотеката, в която се намира в момента Статус (Текущо местоположение) Дата на вписване в системата Местоположение - отдел Цена в лева Систематично азбучна сигнатура Баркод Цена в евро Служебен тип на артикула Коз за рестрикции
  Не е изгубен Universal Decimal Classification Не е повреден ползва се в читалня 798903 Регионална библиотека "Любен Каравелов" Русе Регионална библиотека "Любен Каравелов" Русе Хранилище 2020-09-14 Хранилище 11.95 Цб І 39802 120000846197 6.11 Книги  
  Не е изгубен Universal Decimal Classification Не е повреден заемане за дома 804235 Регионална библиотека "Любен Каравелов" Русе Регионална библиотека "Любен Каравелов" Русе Заемна - подръчен фонд 2020-10-28 Заемна - подръчен фонд 8.37 821.163.2-1/К 82 Г 120000849420 4.28 Книги без рестрикции
  Не е изгубен Universal Decimal Classification Не е повреден заемане за дома 804236 Регионална библиотека "Любен Каравелов" Русе Регионална библиотека "Любен Каравелов" Русе Заемна - подръчен фонд 2020-10-28 Заемна - подръчен фонд 8.37 821.163.2-1/К 82 Г 120000849421 4.28 Книги без рестрикции
Vip Innovations Ltd, Rousse, Bulgaria 2025